Beverages by Images A-Z - Statistics

General Stats
  • This quiz has been taken 22 times
  • The average score is 9 of 26
Answer Stats
Picture Hint Answer % Correct
Breakfast Orange Juice
100%
H2O Water
95%
Christmas Eggnog
86%
Cuba Mojito
82%
Italy Cappuccino
77%
---- Hot chocolate
73%
North America Root Beer
64%
Cuba Daiquiri
50%
Ireland Irish Coffee
50%
India Lassi
50%
Caramel _____ Frappuccino
45%
Italy Negroni
45%
South America Yerba Mate
32%
Turkey Ayran
23%
Japan Kombucha
14%
Singapore/Malaysia Bandung
5%
Lithuania Gira
5%
India Solkadhi
5%
Mexico Vampiro
5%
Middle East Jallab
0%
Central America Pinol
0%
Cocktail Quicksand
0%
Malaysia Teh Tarik
0%
Brazil Umbuzada
0%
Aztec Xocolatl
0%
Nigeria Zobo
0%
No matching quizzes found
Score Distribution
Percent of People with Each Score
Percentile by Number Answered
Your Score History
You have not taken this quiz